Normal view
MARC view
Entry Personal Name
001 - CONTROL NUMBER
- control field: 51161
003 - CONTROL NUMBER IDENTIFIER
- control field: dpl
005 - DATE AND TIME OF LATEST TRANSACTION
- control field: 20120817105646.0
008 - FIXED-LENGTH DATA ELEMENTS
- fixed length control field: 120817|||a|||||| | ||| d
040 ## - CATALOGING SOURCE
- Original cataloging agency: dpl
- Transcribing agency: dpl
100 ## - HEADING--PERSONAL NAME
- Personal name: गाँधी, महात्मा
670 ## - SOURCE DATA FOUND
- Source citation: Work cat.: (dpl)60440: गाँधी, महात्मा, सत्य के प्रयोग /, 2011
670 ## - SOURCE DATA FOUND
- Source citation: Work cat.: (dpl)60440: गाँधी, महात्मा, सत्य के प्रयोग /, 2011
